000 01211cam a22001934a 4500
005 20250605163929.0
008 250528s ||||||||||||||||||||||||d
035 _a14632
020 _a335153275
040 _aGR-AtMCL
_bgre
_dGR-AtMCL
_eAACR2
245 1 _aProblem Solving / A Cognitive Approach
260 _bOpen University Press,
_c1989
300 _a160
520 _aThis book provides an up-to-date, in depth treatment of the major issues, theories and findings. Preface, Introduction, Introduction to Problem Solving, Introduction, Getting Started on Problem Solving, State Space Analysis, Simon's Information Processing Theory of Problem Solving, Polson's Model of Transformation Problems, Conclusions, Analogical Problem Solving, Introduction, Analyzing Ill-Defined Problems, Problem Representation, in Memory, Applying Solutions, A Computer Model of Analogical Problem Solving, Re4presentation and Acquisition of Cognitive Skills, Introduction, Novices and Experts, Computer Model of Problem Solving, ACT: A Cognitive Theory of Learning, Overview, Answers to SAQs, References, Index of Authors and Concepts.
700 1 _aKahney Hank
_9233
942 _cBK
999 _c256
_d256